000 00728cam a2200241 i 4500
001 bg
003 KOSZ 005
005 20191003082207.0
008 950808s1974 pl a f f |000 0 pol
040 _cBPK
080 _a531.3
080 _a(075.8)
100 1 _aLeyko, Jerzy
_d(1918-1995)
_eAutor
245 0 _aMechanika ogólna.
_nT. 2,
_pDynamika /
_cJerzy Leyko.
246 3 0 _aDynamika
250 _aWyd. 3 popr.
260 _aWarszawa :
_bPaństwowe Wydawnictwo Naukowe,
_c1974.
300 _a402, [1] s. :
_bil. ;
_c23 cm.
655 4 _aPodręczniki akademickie
650 4 _aDynamika
856 _uhttp://koha.tu.koszalin.pl/cgi-bin/koha/opac-detail.pl?biblionumber=41
_yKatalog online BPK
942 _cKS
_2UKD
999 _c41
_d41